Introduction to artificial intelligence in hospitality and tourism industry (Record no. 395666)

MARC details
000 -LEADER
fixed length control field 00630 a2200229 4500
005 - DATE & TIME
control field 20260407130341.0
008 - FIXED-LENGTH DATA ELEMENTS--GENERAL INFORMATION
fixed length control field 260407b |||||||| |||| 00| 0 eng d
020 ## - ISBN
International Standard Book Number 9789392417610
Price Rs. 1695.00
040 ## - CATALOGING SOURCE
Original cataloging agency VIVEKANANDA LIBRARY
082 ## - DDC NUMBER
Classification number 338.4791
Book Number S14I
100 ## - MAIN ENTRY--PERSONAL NAME
Personal name Sachan, Shivansu
245 ## - TITLE STATEMENT
Title Introduction to artificial intelligence in hospitality and tourism industry
260 ## - PUBLICATION, DISTRIBUTION, ETC. (IMPRINT)
Name of publisher, distributor, etc Shubham Publications
Date of publication, distribution, etc 2024
Place of publication, distribution, etc Kanpur
300 ## - PHYSICAL DESCRIPTION
Pages 264
650 ## - Subject
Subject Hotel Management
650 ## - Subject
Subject Tourism Industry
650 ## - Subject
Subject Hospitality
700 ## - Added Entry Personal Name
Added Entry Personal Name Divya
700 ## - Added Entry Personal Name
Added Entry Personal Name Singh, Sujay Vikram
700 ## - Added Entry Personal Name
Added Entry Personal Name Hallem, Mohd
942 ## - ADDED ENTRY ELEMENTS (KOHA)
Koha item type Books
Holdings
Withdrawn status Lost status Source of classification or shelving scheme Damaged status Not for loan Location (home branch) Sublocation or collection (holding branch) Shelving location Date acquired Koha issues (times borrowed) Koha full call number Accession No. Koha date last seen Koha item type
    Dewey Decimal Classification     VIVEKANANDA LIBRARY VIVEKANANDA LIBRARY IHTM Library 03/02/2026   338.4791 S14T 425241 03/02/2026 Books
© Designed and Maintained by Vivekananda Library, MDU Rohtak